Kriticheskīi͡a primi͡echanīi͡a na pervyĭ [-vtoroĭ] tom Istorīi kni͡azi͡a Shcherbatova. (Record no. 14794)
[ view plain ]
| 000 -LEADER | |
|---|---|
| fixed length control field | 00718cam a22001812a 4500 |
| 001 - CONTROL NUMBER | |
| control field | ca 15000191 |
| 003 - CONTROL NUMBER IDENTIFIER | |
| control field | DLC |
| 005 - DATE AND TIME OF LATEST TRANSACTION | |
| control field | 20260227111059.0 |
| 008 - FIXED-LENGTH DATA ELEMENTS--GENERAL INFORMATION | |
| fixed length control field | 860212m17931794ru 000 0druso |
| 010 ## - LIBRARY OF CONGRESS CONTROL NUMBER | |
| LC control number | ca 15000191 |
| Canceled/invalid LC control number | 59059611 |
| 040 ## - CATALOGING SOURCE | |
| Original cataloging agency | DLC |
| Transcribing agency | DLC |
| Modifying agency | DLC |
| 050 00 - LIBRARY OF CONGRESS CALL NUMBER | |
| Classification number | DK70.S6 |
| Item number | B6 |
| 100 1# - MAIN ENTRY--PERSONAL NAME | |
| Personal name | Boltin, Ivan Nikitich, |
| Dates associated with a name | 1735-1792. |
| 245 10 - TITLE STATEMENT | |
| Title | Kriticheskīi͡a primi͡echanīi͡a na pervyĭ [-vtoroĭ] tom Istorīi kni͡azi͡a Shcherbatova. |
| 260 ## - PUBLICATION, DISTRIBUTION, ETC. | |
| Place of publication, distribution, etc. | V Sanktpeterburgi͡e : |
| Name of publisher, distributor, etc. | V Tip. Korpusa chuzhestrannykh edinovi͡ert͡sov, |
| Date of publication, distribution, etc. | 1793-1794. |
| 300 ## - PHYSICAL DESCRIPTION | |
| Extent | 2 v. ; |
| Dimensions | 26 cm. |
| 600 10 - SUBJECT ADDED ENTRY--PERSONAL NAME | |
| Personal name | Shcherbatov, M. M. |
| Fuller form of name | (Mikhail Mikhaĭlovich), |
| Titles and other words associated with a name | kni͡azʹ, |
| Dates associated with a name | 1733-1790. |
| Title of a work | Istorii͡a rossīĭskai͡a ot drevni͡eshikh vremi͡an. |
No items available.